000 01239naa a22002657a 4500
001 BR8802153
003 BR-BrBNA
005 20240918180001.0
007 ta
008 230509b bl.||||| |||| 00| 0 por d
040 _aBR-BrBNA
_bpor
_cBiblioteca Nacional de Agricultura
041 _a(Pt)
072 _aK10
_b3290
_bG514
090 _aK10 BR8802153
100 1 _aAguiar, F.F.A.
111 1 _a4. Congresso Brasileiro de Floricultura e Plantas Ornamentais
_cRio de Janeiro, RJ (Brazil)
_d3-8 Oct 1983
245 1 _aAvaliacao do comportamento inicial de pau-brasil (Caesalpinia schinata Lam.)em condicoes de cerrado
260 3 _aBrasilia, DF (Brasil):
_bEmpresa Brasileira de Pesquisa Agropecuaria, Departamento de Difusao de Tecnologia,
_c1984.
500 _aAnais do 4. Congresso Brasileiro de Floricultura e Plantas Ornamentais Brasilia, DF (Brasil): Empresa Brasileira de Pesquisa Agropecuaria, Departamento de Difusao de Tecnologia, 1984. p. 151-159 (BR8802153-AM)K10
650 _aPAU BRASIL
650 _aCERRADO
773 0 _tAnais do 4. Congresso Brasileiro de Floricultura e Plantas Ornamentais
_wK10 BR8802153
_gBrasilia, DF (Brasil), 1984. p. 151-159
909 _a202404
_bLucia
_c55
_dLucia Elande
942 _cAM
_2AGRIS
999 _c319116
_d319116